El régimen de responsabilidad subjetiva (Registro nro. 298219)

Detalles MARC
000 -ENCABEZADO
Número de control [NR] 00943cam a22002655i 4500
005 - FECHA Y HORA DE LA ÚLTIMA TRANSACCIÓN
control field 20181126115437.0
008 - DE LONGITUD FIJA DE DATOS DE ELEMENTOS - INFORMACIÓN GENERAL
Elementos de longitud fija [NR] 150116s2018 ck fr 000 0 spa
010 ## - NUMERO DE CONTROL DE LA BIBLIOTECA DEL CONGRESO (LC) [NR]
Número de control LC [NR] 2014422063
020 ## - NUMERO INTERNACIONAL NORMALIZADO PARA LIBROS [R]
Número Internacional Normalizado del libro [NR] 9789587677195 (2a.Ed.)
020 ## - NUMERO INTERNACIONAL NORMALIZADO PARA LIBROS [R]
Número Internacional Normalizado del libro [NR] 9789587671230
040 ## - FUENTE DE CATALOGACION [NR]
Agencia de catalogación original [NR] CO-BoUCM
Idioma de catalogación [NR] spa
Quien Cataloga Saul Niño (Modificó)
Quien Clasifica Jose A. Gerena
041 0# - CODIGO DE IDIOMA [R]
Código de idioma para texto/pista de sonido o título separado [R] Español
100 1# - ASIENTO PRINCIPAL--NOMBRE PERSONAL [NR]
Nombre personal [NR] Arenas Mendoza, Hugo Andrés
ID Autoridad 44067
245 13 - MENCION DE TITULO [NR]
Título [NR] El régimen de responsabilidad subjetiva
Mención de responsabilidad, etc. [NR] Hugo Andrés Arenas Mendoza.
250 ## - MENCION DE EDICION [NR]
Mención de edición [NR] Segunda edición
260 ## - PUBLICACION, DISTRIBUCION, ETC. (PIE DE IMPRENTA) [R]
Lugar de publicación, distribución, etc. [R] Bogotá (Colombia)
Nombre del editor, distribuidor, etc. [R] Legis
Fecha de publicación, distribución, etc. [R] 2018
300 ## - DESCRIPCION FISICA [R]
Extensión [R] xxxix, 439 páginas
504 ## - NOTA DE BIBLIOGRAFIA, ETC. [R]
Nota de bibliografía, etc. [NR] Incluye referencias bibliográficas e índices
650 #7 - ASIENTO SECUNDARIO DE MATERIA - TERMINO TEMATICO [R]
9 (RLIN) 12695
Término temático o nombre geográfico como elemento de entrada [NR] Derecho administrativo
650 #7 - ASIENTO SECUNDARIO DE MATERIA - TERMINO TEMATICO [R]
9 (RLIN) 23667
Término temático o nombre geográfico como elemento de entrada [NR] Responsabilidad administrativa
650 #7 - ASIENTO SECUNDARIO DE MATERIA - TERMINO TEMATICO [R]
9 (RLIN) 23675
Término temático o nombre geográfico como elemento de entrada [NR] Responsabilidad del Estado
690 ## - ASUNTO AGREGADO LOCAL DE ENTRADA - TÉRMINO TEMÁTICO (OCLC, RLIN)
Acceso temático local Derecho administrativo
9 (RLIN) 12695
942 ## - ELEMENTOS DE ENTRADA AGREGADOS (KOHA)
Sistema de clasificación DEWEY
Tema principal Derecho
Tipo de ítem principal el descrito en 300a Libro
Edición 1
Clasificación 342.088
Parte restante de la signatura top. A681
Existencias
Fecha de último préstamo Total préstamos Total Renewals Signatura topográfica Código de barras Última vez visto Ejemplar Costo de reposición Price effective from Tipo de ítem Perdido Sistema de clasificación Dañado No prestable Tipo de ítem específico Suprimido Ubicación habitual Ubicación actual Localización Fecha de creación Proveedor Forma de adquisición Costo Volúmen / Fascículo
24/10/2024 46 32 342.088 A681 100144714 12/06/2026 Ej.1 26000.00 03/12/2014 Libro   DEWEY     Libro   Claustro Claustro 3er piso 03/12/2014 12 Donación 0.00  
25/11/2025 18 15 342.088 A681 100158719 12/06/2026 Ej.2 66300.00 14/11/2018 Libro   DEWEY     Libro   Claustro Claustro 3er piso 14/11/2018 1 Compra 66300.00 2a.Ed.
21/11/2025 29 16 342.088 A681 100158720 12/06/2026 Ej.3 66300.00 14/11/2018 Libro   DEWEY     Libro   Claustro Claustro 3er piso 14/11/2018 1 Compra 66300.00 2a.Ed.
17/05/2024 17 18 342.088 A681 100158718 05/12/2025 Ej.1 66300.00 14/11/2018 Libro   DEWEY     Libro   Claustro Claustro 3er piso 14/11/2018 1 Compra 66300.00 2a.Ed.